00306nam a2200121Ia 4500100001600000366000700016654002600023245007300049260001500122082001400137300000800151546002500159 aRiley/John  f20 awriting fast programs aWriting Fast programs:A practical guide for scientists and engineers bVivac2008 a4.77bRIL a328 aENGLISHcelectronics